| 000 | 00366nam a22001337a 4500 | ||
|---|---|---|---|
| 082 |
_a510 _bSIN/C |
||
| 100 | _aSINGH, RAHUL | ||
| 245 | _aCUET - MATHEMATICS PRACTICE PAPER | ||
| 246 |
_aCUET - MATHEMATICS PRACTICE PAPER _bCUET - MATHEMATICS PRACTICE PAPER |
||
| 260 |
_aNEW DELHI _bINTER UNIVERSITY PRESS _c2024 |
||
| 300 | _a96 | ||
| 650 | _aMATHEMATICS | ||
| 942 | _cBK | ||
| 999 |
_c8939 _d8939 |
||